All Official Cities in South Korea with a Map - Statistics

General Stats
  • This quiz has been taken 81 times
  • The average score is 39 of 85
Answers on the Map
Answers color-coded by a green-red scale on the quiz's map according to % correct below.
 
Answer Stats
Province City % Correct
Special City/Metropolitan City Busan
100%
Special City/Metropolitan City Seoul
100%
Special City/Metropolitan City Daegu
96%
Special City/Metropolitan City Daejeon
96%
Special City/Metropolitan City Gwangju
96%
Gyeonggi Gwangju
96%
Special City/Metropolitan City Ulsan
96%
Special City/Metropolitan City Incheon
92%
Jeju Jeju
92%
Gyeonggi Suwon
84%
Special City/Metropolitan City Sejong
76%
North Chungcheong Cheongju
72%
South Jeolla Mokpo
72%
North Gyeongsang Pohang
72%
Gyeonggi Bucheon
68%
Gyeonggi Goyang
68%
North Jeolla Jeonju
68%
Gyeonggi Ansan
64%
Gyeonggi Anyang
60%
North Jeolla Iksan
60%
Gyeonggi Yongin
60%
Gangwon Gangneung
56%
South Jeolla Yeosu
56%
Gyeonggi Pyeongtaek
52%
Gyeonggi Seongnam
52%
Gangwon Sokcho
52%
South Chungcheong Asan
48%
South Gyeongsang Changwon
48%
Gyeonggi Gimpo
48%
North Gyeongsang Gyeongju
48%
Gyeonggi Paju
48%
Jeju Seogwipo
48%
Gangwon Wonju
48%
Gangwon Chuncheon
44%
South Gyeongsang Gimhae
44%
North Jeolla Gunsan
44%
South Gyeongsang Jinju
44%
Gyeonggi Namyangju
44%
North Gyeongsang Andong
40%
South Chungcheong Cheonan
40%
North Chungcheong Chungju
40%
North Gyeongsang Gumi
40%
North Gyeongsang Gyeongsan
40%
South Jeolla Suncheon
40%
South Gyeongsang Geoje
36%
Gyeonggi Gwangmyeong
36%
Gyeonggi Hwaseong
36%
Gyeonggi Osan
36%
Gyeonggi Uijeongbu
36%
South Gyeongsang Yangsan
36%
Gyeonggi Anseong
32%
Gangwon Donghae
32%
Gyeonggi Gunpo
32%
Gyeonggi Guri
32%
Gyeonggi Icheon
32%
South Chungcheong Nonsan
32%
South Chungcheong Seosan
32%
South Gyeongsang Tongyeong
32%
Gyeonggi Uiwang
32%
Gyeonggi Yangju
32%
North Gyeongsang Gimcheon
28%
North Jeolla Gimje
28%
Gyeonggi Hanam
28%
North Chungcheong Jecheon
28%
Gyeonggi Siheung
28%
South Chungcheong Dangjin
24%
Gyeonggi Dongducheon
24%
Gyeonggi Gwacheon
24%
South Jeolla Gwangyang
24%
South Chungcheong Gyeryong
24%
South Gyeongsang Miryang
24%
South Jeolla Naju
24%
Gyeonggi Pocheon
24%
South Gyeongsang Sacheon
24%
Gangwon Samcheok
24%
Gangwon Taebaek
24%
Gyeonggi Yeoju
24%
South Chungcheong Boryeong
20%
South Chungcheong Gongju
20%
North Jeolla Jeongeup
20%
North Jeolla Namwon
20%
North Gyeongsang Sangju
20%
North Gyeongsang Yeongju
20%
North Gyeongsang Yeongcheon
16%
North Gyeongsang Mungyeong
12%
No matching quizzes found
Score Distribution
Percent of People with Each Score
Percentile by Number Answered
Your Score History
You have not taken this quiz